Gründungsmitglied der Fußball Bundesliga? #5 - Statistiken

Allgemein
  • Dieses Quiz wurde 65 mal gespielt
  • Das Durchschnittsergebnis liegt bei 7 aus 8
Antwortstatistiken
Hint Antwort % Korrekt
FC Schalke 04 Ja
96%
SV Wehen Wiesbaden Nein
96%
Energie Cottbus Nein
92%
SpVgg Greuther Fürth Nein
90%
SC Fortuna Köln Nein
83%
SG Dynamo Dresden Nein
81%
Hertha BSC Ja
79%
Karlsruher SC Ja
65%
Keine übereinstimmenden Quizze gefunden
Verteilung der Resultate
Anzahl Personen mit jedem Resultat
Perzentil nach korrekt beantworteten Fragen
Ihre Resultats-Entwicklung
Sie haben dieses Quiz noch nicht gespielt